000 00691nam a2200193 i 4500
001 65503
003 ES-MaACL
007 t|
008 040114s1954 sp ||||1| spa d
100 1 _aFreytag, H.
_952576
245 1 0 _aGran manual Contax
_b: todos los aspectos y posibilidades de la fotografía con la cámara Contax /
_cH. Freytag ; traducción de la cuarta edición inglesa por Rosendo Sagrera Durán.
260 _aBarcelona :
_bOmega,
_c[1954] (
_fClarasó)
300 _a257 p., 16 lám. ;
_c25 cm.
490 1 _aFoto biblioteca
700 1 _aSagrera Durán, Rosendo.
_9101458
830 0 _aFoto biblioteca
_9181378
852 _aES-MaACL
_jC-9045
_bR.37209
999 _c65503
_d65503